00344 a2200109 4500001000900000005001700009008004100026245005900067100002100126700002700147773006000174ART_723220260410161700.0260409a 10aEl uso de garantías en el sistema bancario argentino1 aBebczuk, Ricardo1 aSangiácomo, Máximo0 tEnsayos Económicosg- Nº 59 (jul./sep. 2010)wREV620